Normal view MARC view
  • Casey, Jane

Entry Personal Name

Number of records used in: 1

001 - CONTROL NUMBER

  • control field: 153575

003 - CONTROL NUMBER IDENTIFIER

  • control field: DLC

005 - DATE AND TIME OF LATEST TRANSACTION

  • control field: 20260413102400.0

008 - FIXED-LENGTH DATA ELEMENTS

  • fixed length control field: 100511n| azannaabn |n aaa

010 ## - LIBRARY OF CONGRESS CONTROL NUMBER

  • LC control number: nb2010011979

035 ## - SYSTEM CONTROL NUMBER

  • System control number: (OCoLC)oca08493382

040 ## - CATALOGING SOURCE

  • Original cataloging agency: Uk
  • Language of cataloging: eng
  • Description conventions: rda
  • Transcribing agency: Uk
  • Modifying agency: DLC
  • Modifying agency: IlMpPL

053 #0 - LC CLASSIFICATION NUMBER

  • Classification number element--single number or beginning number of span: PR6103.A847

100 1# - HEADING--PERSONAL NAME

  • Personal name: Casey, Jane
  • Fuller form of name: (Jane E.)

370 ## - ASSOCIATED PLACE

  • Place of birth: Dublin (Ireland)
  • Place of residence/headquarters: London (England)
  • Source of term: naf

374 ## - OCCUPATION

  • Occupation: Women novelists
  • Source of term: lcsh

375 ## - GENDER

  • Gender: Females
  • Source of term: lcdgt

377 ## - ASSOCIATED LANGUAGE

  • Language code: eng

670 ## - SOURCE DATA FOUND

  • Source citation: The missing, 2010:
  • Information found: t.p. (Jane Casey) p.[i] (b. Dublin; M.Phil. in Anglo-Irish literature from Trinity Coll. Dublin; works in publishing as a children's bk. editor; her first bk.)

670 ## - SOURCE DATA FOUND

  • Source citation: Trinity Coll. Dublin Lib. database, 11 May 2010
  • Information found: (hdg.: Casey, Jane E.; usage: Jane E. Casey)

670 ## - SOURCE DATA FOUND

  • Source citation: Let the dead speak, 2017:
  • Information found: title page (Jane Casey) jacket flap (Jane Casey was born and raised in Dublin; lives in London; her eleventh novel)
Devinim Yazılım Eğitim Danışmanlık tarafından Koha'nın orjinal sürümü uyarlanarak geliştirilip kurulmuştur.